000 01379nam2a22002531 4500
001 RU\NLR\INFOCOMM17\1000387306
005 20250617160405.0
035 _a(NLR Aleph) 002762690
090 _a2246405
_c2246405
100 _a20040210d1946 |||y0rusy50 ca
101 0 _arus
102 _aRU
105 _ay |||||||||
200 1 _aЧувствительный манометр с трубкой Бурдона
_fВ.Д. Миронов
210 _d1946
_aБ. м.
461 0 _1001RU\NLR\INFOCOMM17\1000387282
_12001#$aИнформационное письмо ВТИ$fВсесоюз. ордена Труд. Красного знамени теплотехн. науч.-исслед. ин-т им.Ф.Э.Дзержинского$v№1946-6
_92246198
_aВсесоюзный научно-исследовательский теплотехнический институт им. Ф.Э.Дзержинского
_cМ.
_d1939-1962
_fВсесоюз. ордена Труд. Красного знамени теплотехн. науч.-исслед. ин-т им.Ф.Э.Дзержинского
_nГосэнергоиздат
_tИнформационное письмо ВТИ
_v№1946-6
700 1 _aМиронов
_bВ.Д.
_4070
801 1 _aRU
_bInfoComm
_c20040210
801 0 _aRU
_bNLR
_gPSBO
852 _aNLR
_jП10/901
942 _cISSUE
980 _aNB
980 _aRUSPER